| 000 | 00000nam##2200000za#4500 |
| 001 | 9.686199 |
| 003 | CaOODSP |
| 005 | 20210624230427 |
| 007 | cr ||||||||||| |
| 008 | 150407|1998||||xxc|||||o f|0| 0 eng|d |
| 040 | |aCaOODSP|beng |
| 043 | |an-cn--- |
| 086 | 1 |aC2-576/1998E-IN |
| 110 | 1 |aCanada. |bIndustry Canada. |
| 245 | 10|aShattering the glass box? : |h[electronic resource]|bwomen entrepreneurs and the knowledge-based economy / |cprepared by Gary Sawchuk and Lori Whewell. |
| 246 | 3 |aMicro-Economic Monitor |
| 260 | |aOttawa - Ontario : |bIndustry Canada |c1998. |
| 300 | |a57p.|bgraphs, tables |
| 500 | |aSpecial feature issued with the quarterly Micro-Economic Monitor. The ISSN for the print edition of the Micro-Economic Monitor has been incorrectly copied in this electronic publication. |
| 590 | |a01-23|b2001-06-08 |
| 590 | |a06-10-Supp|b2006-12-15 |
| 690 | 07|aWomen workers|2gcpds |
| 690 | 07|aEntrepreneurship|2gcpds |
| 690 | 07|aKnowledge based economy|2gcpds |
| 690 | 07|aSelf employment|2gcpds |
| 720 | 1 |aWhewell, Lori |
| 720 | 1 |aSawchuk, Gary |
| 775 | 08|tLa cage de verre - histoire du passé? : |w(CaOODSP)9.630706 |
| 856 | 40|ahttp://publications.gc.ca|qPDF|s1923 KB|uhttps://publications.gc.ca/collections/Collection/C2-576-1998E.pdf |